La protección social de cara al futuro : (Registro nro. 6050)
[ vista simple ]
| 000 -LEADER | |
|---|---|
| fixed length control field | 01170nam a2200229Ia 4500 |
| 003 - CONTROL NUMBER IDENTIFIER | |
| control field | OSt |
| 005 - DATE AND TIME OF LATEST TRANSACTION | |
| control field | 20200820152045.0 |
| 008 - FIXED-LENGTH DATA ELEMENTS--GENERAL INFORMATION | |
| fixed length control field | 191128s2006 uy ad gr 000 0 spa d |
| 040 ## - CATALOGING SOURCE | |
| Original cataloging agency | Co-JMCR |
| Transcribing agency | Co-JMCR |
| 041 0# - LANGUAGE CODE | |
| Language code of text/sound track or separate title | spa |
| 082 04 - DEWEY DECIMAL CLASSIFICATION NUMBER | |
| Classification number | 368.4 / |
| Item number | C733p |
| Edition number | 23 |
| 110 1# - MAIN ENTRY--CORPORATE NAME | |
| Corporate name or jurisdiction name as entry element | Comisión Económica para América Latina y el Caribe Secretaría. (13a. : 2006 : Montevideo) |
| 9 (RLIN) | 9038 |
| 245 10 - TITLE STATEMENT | |
| Title | La protección social de cara al futuro : |
| Remainder of title | acceso, financiamiento y solidaridad. Síntesis / |
| Statement of responsibility, etc. | Secretaria de la CEPAL para el trigésimo primer período de sesiones de la Comisión (Montevideo, Uruguay, 20 al 24 de marzo de 2006) |
| 260 ## - PUBLICATION, DISTRIBUTION, ETC. | |
| Place of publication, distribution, etc. | Montevideo : |
| Name of publisher, distributor, etc. | Cepal, |
| Date of publication, distribution, etc. | 2006. |
| 300 ## - PHYSICAL DESCRIPTION | |
| Extent | 193 páginas : |
| Other physical details | ilustraciones, gráficos a color ; |
| Dimensions | 28 cm. |
| 504 ## - BIBLIOGRAPHY, ETC. NOTE | |
| Bibliography, etc. note | Bibliografía : páginas 181-193. |
| 505 0# - FORMATTED CONTENTS NOTE | |
| Formatted contents note | El desarrollo centrado en derechos y el pacto para la protección social -- Dinamica contributiva, marcado del trabajo y desafíos para la política pública -- Protección social y sistemas de salud -- Sistema de pensión |
| 650 24 - SUBJECT ADDED ENTRY--TOPICAL TERM | |
| Topical term or geographic name entry element | Desarrollo económico |
| 9 (RLIN) | 9039 |
| 650 24 - SUBJECT ADDED ENTRY--TOPICAL TERM | |
| Topical term or geographic name entry element | Desarrollo social |
| 9 (RLIN) | 9040 |
| 650 24 - SUBJECT ADDED ENTRY--TOPICAL TERM | |
| Topical term or geographic name entry element | Desarrollo político |
| 9 (RLIN) | 9041 |
| 942 ## - ADDED ENTRY ELEMENTS (KOHA) | |
| Source of classification or shelving scheme | Dewey Decimal Classification |
| Koha item type | Books |
| Withdrawn status | Lost status | Source of classification or shelving scheme | Materials specified (bound volume or other part) | Damaged status | Not for loan | Home library | Current library | Shelving location | Date acquired | Source of acquisition | Total Checkouts | Full call number | Barcode | Date last seen | Date last checked out | Copy number | Price effective from | Koha item type |
|---|---|---|---|---|---|---|---|---|---|---|---|---|---|---|---|---|---|---|
| Dewey Decimal Classification | Donación--15/04/2018-- | Biblioteca Pública José María del Castillo y Rada | Biblioteca Pública José María del Castillo y Rada | General Stacks | 11/28/2019 | Donación | 1 | 368.4 / C733p | 430011561 | 05/16/2024 | 06/13/2023 | Ej.1 | 11/28/2019 | Books |